00419nam a22001337a 4500008004100000020001500041050002200056100002400078245007900102250002600181260003800207300001000245650003000255220930b |||||||| |||| 00| 0 eng d a1433574078 aBV4520b.D63 2022 aDodson, Jonathan K. aGospel-centered discipleship/cJonathan K. Dodson;forword by Matt Chandler bRevised and expanded  aWheaton, IllinoisbCrosswayc2022 a189p. aDiscipling (christianity)